| 000 | nam a22 a 4500 | ||
|---|---|---|---|
| 999 |
_c42723 _d42723 |
||
| 003 | BLK | ||
| 005 | 20221130120349.0 | ||
| 008 | 180408b bul|||||r ||||||| ||bul|| | ||
| 010 | _aKNG00046391000 | ||
| 040 | _aBLK | ||
| 041 |
_aBUL _cBUL |
||
| 080 |
_aОвощарство в цялост _b634.1 _x(035) _z634.1(035) |
||
| 100 | 1 |
_aВиденов, Боян Миланов _eпърви автор _9255022 |
|
| 139 |
_aВиденов, Боян Миланов и др. _bВ 57 |
||
| 245 | 1 | 0 |
_aКалендар за овощаря _bРъководство _cБоян Виденов, Веселин Тодоров. |
| 257 | _aBGR | ||
| 260 |
_aПловдив _bХристо Г. Данов _c1979 |
||
| 300 |
_a192 с. _bс ил. _c21 см |
||
| 380 | _a63 | ||
| 500 | _a12 300 тир. | ||
| 653 | _aовощарство | ||
| 700 | 1 |
_aТодоров, Веселин _eсъавт. _9278350 |
|
| 852 | _aЦб 98573 | ||
| 856 | 4 |
_qpdf _i0.00 _ldisable |
|
| 856 | 4 |
_qpdf _i0.00 _ldisable |
|
| 942 |
_cKNG _n0 _02 _s1 |
||
| 944 |
_aCR _c31.08.2016 _kНаталия_Любомирова |
||
| 944 |
_aED _c31.08.2016 _kНаталия_Любомирова |
||
| 999 | _d42723 | ||